| 000 | 00602nam a2200181 i 4500 | ||
|---|---|---|---|
| 001 | 61074 | ||
| 003 | ES-MaACL | ||
| 005 | 20250505180654.0 | ||
| 007 | t| | ||
| 008 | 031110s1972 sp ||||1| spa d | ||
| 245 | 0 | 3 |
_aEl Estado y la Iglesia en España / _cFraga Iribarne ... [et al.]. |
| 260 |
_aMadrid : _bAsociación para el Estudio de Problemas Actuales, _c1972. |
||
| 300 |
_a111 p. ; _c18 cm. |
||
| 700 | 1 |
_aFraga Iribarne, Manuel, _d1922-2012 _9193721 |
|
| 710 | 2 |
_aAsociación para el Estudio de Problemas Actuales. _91771 |
|
| 852 |
_aES-MaACL _jC-52769 _bR.83974 |
||
| 999 |
_c61074 _d61074 |
||